00362nam a2200145 a 450000100060000000300090000600800410001504000280005608200100008410000260009424500280012026000400014830000090018865000190019721728CO-ViMGA141112s2004 ck r 000 u spa d aCO-ViMGAbspacCO-ViMGA04aWELma1 aWells, Herbert George10aLa máquina del tiempo aBogotá : bPanAméricana, c1999 a176p14aNOVELA INGLESA